| 000 | 00556nam a2200181 i 4500 | ||
|---|---|---|---|
| 001 | 112706 | ||
| 003 | ES-MaACL | ||
| 005 | 20240202063018.0 | ||
| 007 | t| | ||
| 008 | 061121s1967 sp r ||||1| spa d | ||
| 100 | 1 |
_aMurciano, Carlos, _d1931- _9153351 |
|
| 245 | 1 | 0 |
_aLibro de epitafios / _cCarlos Murciano. |
| 260 |
_aBarcelona : _bInstituto de Estudios Hispánicos, _c1967. |
||
| 300 |
_a36 p. ; _c21 cm. |
||
| 710 | 2 |
_aInstituto de Estudios Hispánicos (España) _94908 |
|
| 852 |
_aES-MaACL _jC-33982 _bR.64389 |
||
| 999 |
_c112706 _d112706 |
||